Drain Gang Members - Statistics

General Stats
  • This quiz has been taken 273 times
    182 since last reset
  • The average score is 5 of 5
Answer Stats
Answer % Correct
Bladee
100%
Ecco2k
100%
Thaiboy Digital
96%
Whitearmor
90%
Yung Sherman
76%
No matching quizzes found
Score Distribution
Percent of People with Each Score
Percentile by Number Answered
Your Score History
You have not taken this quiz since the last reset